000 01170nam a2200349 a 4500
001 000017135
003 DO-SdBNP
005 20180316103652.0
007 000017135
008 100318s2007 dr 000 j spa d
020 _a9789945427158
040 _aBPMSU
_bspa
_cBPMSU
092 _aRD863.44
_bM766r
100 1 _aMontás, Keiselim A.,
_d1968-
245 1 0 _aReminiscencias /
_cKeiselim A. Montás ; edición Amado Alexis Santana Chalas.
260 _aSanto Domingo :
_bNacional,
_c2007.
300 _a53 p. ;
_c23 cm.
490 1 _aUltramar
500 _aIncluye datos biográficos del autor en la solapa de la cubierta.
586 _aPremio Concurso Literario "Letras de Ultramar" 2006, Cuento.
650 4 _aCUENTOS DOMINICANOS
650 4 _aLITERATURA DOMINICANA
700 1 _aSantana Chalas, Amado Alexis,
_eed.
830 0 _aUltramar
910 _aValidado. Control de calidad EMS.
942 _2ddc
_cBK
945 _aInventariado, 2018 / BT
956 _aJPARRA
_b10
_c20100318
_lBND01
_h1142
956 _aBTAVAREZ
_b10
_c20100324
_lBND01
_h1458
956 _aEMARRERO
_b40
_c20120421
_lBND01
_h0011
956 _aVMATEO
_b10
_c20150811
_lBPMSU
_h00151
999 _c8179
_d8179